00565nam a22002057a 450000100060000000300090000600500170001500800200003202000180005204000220007008200090009210000350010124500720013626000350020830000280024349000270027170000170029874000170031583000270033210478DO-SdBNP20180216090044.0161129b 00| 0 spa d a9788430568604 aBPMSUbspacBPMSU a b  a[Perrault, Charles]d1628-1703 aLa bella durmiente ; La sirenita /b[Charles Perrault, Walt Disney] aMadrid : bSusaeta Ediciones,  a18 p. :bil. ; c17 cm. aClásicos brillantes  aDisney, Walt aLa sirenita  aClásicos brillantes